<?xml version="1.0" encoding="UTF-8"?>
<collection xmlns="http://www.loc.gov/MARC21/slim">
 <record>
  <leader>01124nam a2200229   4500</leader>
  <controlfield tag="001">1/33584</controlfield>
  <controlfield tag="008">020126s2007    gr       bm   000 0 eng d</controlfield>
  <datafield tag="035" ind1=" " ind2=" ">
   <subfield code="l">36014</subfield>
  </datafield>
  <datafield tag="040" ind1=" " ind2=" ">
   <subfield code="a">GR-PeUP</subfield>
  </datafield>
  <datafield tag="082" ind1="0" ind2="0">
   <subfield code="a">387.5 ΚΑΡ</subfield>
  </datafield>
  <datafield tag="100" ind1="1" ind2=" ">
   <subfield code="a">Καρδάλας, Παναγιώτης.</subfield>
  </datafield>
  <datafield tag="245" ind1="1" ind2="0">
   <subfield code="a">Ταχύπλοα Ε/Γ &amp; Ε/Γ - Ο/Γ και ελληνική ακτοπλοΐα /</subfield>
   <subfield code="c">Παναγιώτης Καρδάλας.</subfield>
  </datafield>
  <datafield tag="260" ind1=" " ind2=" ">
   <subfield code="a">Πειραιάς :</subfield>
   <subfield code="b">[χ.ό.],</subfield>
   <subfield code="c">2007.</subfield>
  </datafield>
  <datafield tag="300" ind1=" " ind2=" ">
   <subfield code="a">85 σ. :</subfield>
   <subfield code="b">εικ. ;</subfield>
   <subfield code="c">30 εκ. +</subfield>
   <subfield code="e">1 οπτικό δίσκο Η/Υ.</subfield>
  </datafield>
  <datafield tag="502" ind1=" " ind2=" ">
   <subfield code="a">Διατριβή (Δ.Ε.)--Πανεπιστήμιο Πειραιώς, 2007.</subfield>
  </datafield>
  <datafield tag="504" ind1=" " ind2=" ">
   <subfield code="a">Περιέχει βιβλιογραφία.</subfield>
  </datafield>
  <datafield tag="650" ind1=" " ind2="4">
   <subfield code="a">Διατριβές.</subfield>
  </datafield>
  <datafield tag="650" ind1=" " ind2="4">
   <subfield code="a">Ship</subfield>
   <subfield code="x">Passenger cars.</subfield>
  </datafield>
  <datafield tag="650" ind1=" " ind2="4">
   <subfield code="a">Πλοία</subfield>
   <subfield code="x">Κανονισμοί ασφαλείας.</subfield>
  </datafield>
  <datafield tag="710" ind1="2" ind2=" ">
   <subfield code="a">Πανεπιστήμιο Πειραιώς. Τμήμα Ναυτιλιακών Σπουδών.</subfield>
  </datafield>
  <datafield tag="852" ind1=" " ind2=" ">
   <subfield code="a">INST</subfield>
   <subfield code="b">UNIPILB</subfield>
   <subfield code="c">DISS</subfield>
   <subfield code="e">20071024</subfield>
   <subfield code="h">387.5 ΚΑΡ</subfield>
   <subfield code="p">00153923</subfield>
   <subfield code="q">00153923</subfield>
   <subfield code="t">NOLOAN</subfield>
   <subfield code="y">23</subfield>
   <subfield code="4">1</subfield>
  </datafield>
  <datafield tag="856" ind1="4" ind2="1">
   <subfield code="u">http://digilib.lib.unipi.gr/dspace/handle/unipi/2080</subfield>
  </datafield>
 </record>
</collection>
